Women`s engagement with develompment and the United Nations: a commentary /
Sparad:
| Huvudupphovsman: | |
|---|---|
| Materialtyp: | Text |
| Taggar: |
Lägg till en tagg
Inga taggar, Lägg till första taggen!
|
MARC
| LEADER | 00000 a a2200000 04500 | ||
|---|---|---|---|
| 001 | 8181 | ||
| 003 | |||
| 040 | |||
| 100 | |a Timothy, Kristen | ||
| 245 | |a Women`s engagement with develompment and the United Nations: |b a commentary / |c Kristen Timothy | ||
| 773 | |g número 2; páginas 313-318 | ||
| 999 | |c 37033 |d 37033 | ||
